| 000 | 00858nam a22001577a 4500 | ||
|---|---|---|---|
| 003 | OSt | ||
| 005 | 20161103144941.0 | ||
| 008 | 161103b xxu||||| |||| 00| 0 eng d | ||
| 040 | _cRUA | ||
| 082 | _aFOR BUO 2015 B524 Or. | ||
| 100 |
_911132 _aBOUR VUTHY; ប៊ួរ វុឌ្ឃី |
||
| 245 | _aStudy on the management and restoration forest resource in samaky community forestry trapeang prey commune, anlongveng district, odarmeanchey province; ការគ្រប់គ្រង និងការស្តារឡើងវិញនូវធនធានព្រៃឈើសហគមន៍សាមគ្គី ឃុំត្រពាំងប្រីយ៍ ស្រុកអន្លង់វែង ខេត្តឧត្តរមានជ័យ | ||
| 260 |
_aPhnom Penh _bRUA _c2015 |
||
| 300 |
_axi; 61p. _bill. _c29cm. |
||
| 942 |
_2ddc _cFOR |
||
| 999 |
_c10709 _d10709 |
||